000
00341 a2200157 4500
001
15316
020
_a
9788547303549
040
_c
Anchieta - Aquarius
100
_a
Sydenstricker, Iara
240
1
0
_a
Victor passeia
_l
245
1
0
_a
Victor passeia
300
_a
27
362
0
_a
2016
650
4
_a
Literatura infanto-juvenil
942
_c
BK
999
_c
15316
_d
15316